| 000 | 00885cam a22002771 4500 | ||
|---|---|---|---|
| 001 | 7187 | ||
| 003 | BD-RjUL | ||
| 005 | 20211208234357.0 | ||
| 008 | 140113s1957 nyuab 001 0 eng | ||
| 035 | _a(BD-RjUL)7229 | ||
| 035 | _a(OCoLC)1081973 | ||
| 040 |
_aDLC _cOAU _dOCoLC _dUk _dBD-RjUL _beng |
||
| 041 | _aeng | ||
| 082 |
_a342.8 _bPIG 1957 |
||
| 100 | 1 |
_aPierson, William Whatley _d1890- _922497 |
|
| 245 | 1 | 0 |
_aGovernments of Latin America / _cWilliam W. Pierson [and] Federico G. Gil. |
| 260 |
_aNew York : _bMcGraw-Hill, _c1957. |
||
| 300 |
_avii, 514 p. : _bill., maps, tables. ; _c23 cm. |
||
| 504 | _aIncludes index. | ||
| 651 | 0 |
_aLatin America _xPolitics and government. _922499 |
|
| 700 | 1 |
_aGil, Federico Guillermo, _ejoint author. _922500 |
|
| 942 |
_2ddc _cBK |
||
| 999 |
_c7187 _d7187 |
||